书目信息 |
| 题名: |
化学反应工程学基础--数学模拟法
|
|
| 作者: | 李启兴 编 | |
| 分册: | ||
| 出版信息: | 北京 人民教育出版社 1981.11 |
|
| 页数: | 213 | |
| 开本: | 16 | |
| 丛书名: | ||
| 单 册: | ||
| 中图分类: | TQ018 | |
| 科图分类: | ||
| 主题词: | ||
| 电子资源: | ||
| ISBN: | ||
| 000 | 00489nam0 2200169 45 | |
| 001 | 0181011248 | |
| 005 | 20060912090031.56 | |
| 010 | @dCNY1.25 | |
| 100 | @a20810111d km y0chiy0120 ea | |
| 101 | 0 | @achi |
| 200 | 1 | @a化学反应工程学基础--数学模拟法@Ahua xue fan ying gong cheng xue ji chu@f李启兴等编@Fli qi xing |
| 210 | @a北京@c人民教育出版社@d1981.11 | |
| 215 | @a213@c无图表@d16 | |
| 690 | @aTQ018 | |
| 701 | 0 | @a李启兴@4编 |
| 801 | @aCN@bTSTC@c20060912 | |
| 905 | @dTQ018@e10@f2@b158139-40 | |
| 化学反应工程学基础--数学模拟法/李启兴等编.-北京:人民教育出版社,1981.11 |
| 213:无图表;16 |
| ISBN :CNY1.25 |
| ● |
| 相关链接 |
|
|
|
|
正题名:化学反应工程学基础--数学模拟法
索取号:TQ018/10
 
预约/预借
| 序号 | 登录号 | 条形码 | 馆藏地/架位号 | 状态 | 备注 |
| 1 | 0458887 | 204588874 | 密集书库/ [索取号:TQ018/10] | 在馆 | |
| 2 | 0473886 | 204738864 | 密集书库/ [索取号:TQ018/10] | 在馆 |